000 00316nam a2200121Ia 4500
008 230303s9999 xx 000 0 und d
041 _aeng
082 _a621.381501 BUR
100 _aBURNS (STANLEY G.) BOND (PAUL R.)
245 _aPrinciples of Electronic Circuits
260 _aNew Delhi
_bGALGOTIA
365 _cRS
999 _c176494
_d176494